000 00347nam a2200145Ia 4500
003 OSt
005 20240316112715.0
008 170523s9999 xx 000 0 und d
020 _a9788183600934
040 _cIIMT UNIVERSITY
100 _aMehta- V.P.
245 0 _aPolytechnic Chemistry
260 _aNew Delhi : Jain Brothers
942 _2ddc
_c02
999 _c11857
_d11857